[Event "Rematch"]
[Site "http://www.queenalice.com/game.php?id=872419"]
[Date "2010.12.15"]
[Round "-"]
[White "cme"]
[Black "dab"]
[Result "1-0"]
[WhiteElo "2014"]
[BlackElo "1100"]

1. e4 e5 2. Nf3 Nc6 3. Bc4 Bc5 4. d3 d6 5. Ng5 Nh6 6. Nc3 Qf6 7. O-O Bg4 8. Nd5
O-O-O 9. Qxg4+ Nxg4 10. Nxf6 gxf6 11. Nxf7 Nxf2 12. Rxf2 Bxf2+ 13. Kxf2 Ne7 14.
Nxd8 Kxd8 15. Be3 b6 16. Rf1 Rf8 17. Ke2 c6 18. Bg5 Ng8 19. Bxg8 Rxg8 20. Bxf6+
Kc8 21. g3 Kd7 22. Bh4 Rg7 23. c3 a6 24. d4 exd4 25. cxd4 Ke6 26. Kd3 Rf7 27.
Rxf7 Kxf7 28. d5 c5 29. g4 b5 30. b3 Kg7 31. Be7 1-0

[Event "hope"]
[Site "http://www.queenalice.com/game.php?id=872947"]
[Date "2010.12.17"]
[Round "-"]
[White "dab"]
[Black "cme"]
[Result "1-0"]
[WhiteElo "1100"]
[BlackElo "1999"]

1. e4 e5 2. Bc4 Nf6 3. d3 Nc6 4. Nc3 Bb4 5. Ne2 d6 6. a3 Bc5 7. h3 O-O 8. Ng3 a6
9. Nd5 h6 10. Nh5 Nxd5 11. Bxd5 Be6 12. Bxe6 fxe6 13. Qg4 Qe7 14. Bxh6 Bxf2+ 15.
Kd2 Rf7 16. Nxg7 Rxg7 17. Qxg7+ Qxg7 18. Bxg7 Kxg7 19. Rhf1 Bc5 20. c3 Rg8 21.
Rf3 Na5 22. Kc2 Rf8 23. Rxf8 Kxf8 24. b4 Bb6 25. bxa5 Bxa5 26. Rf1+ Kg7 27. g4
c5 28. h4 d5 29. h5 Bd8 30. Rb1 b5 31. a4 bxa4 32. Ra1 a5 33. Rxa4 d4 34. cxd4
exd4 35. Kd2 Kh6 36. Ke2 e5 37. Kf3 Kg5 38. Kg3 Kh6 39. Ra1 Kg5 40. Rb1 a4 41.
Ra1 c4 42. dxc4 d3 43. Rxa4 d2 44. Ra1 Kh6 45. Rd1 Bg5 46. c5 1-0

[Event "Challenge"]
[Site "http://www.queenalice.com/game.php?id=875389"]
[Date "2010.12.22"]
[Round "-"]
[White "cme"]
[Black "equus"]
[Result "1/2-1/2"]
[WhiteElo "1966"]
[BlackElo "1778"]

1. e4 Nc6 2. d4 d5 3. e5 Bf5 4. Bb5 e6 5. Bxc6+ bxc6 6. Nf3 c5 7. c3 Qd7 8. h3
h6 9. O-O cxd4 10. cxd4 Bb4 11. a3 Ba5 12. Nbd2 Ne7 13. Nb3 Bb6 14. Be3 Nc6 15.
Rc1 Rb8 16. Qd2 Bh7 17. Rc3 Na5 18. Rfc1 Nc4 19. Qe2 Nxe3 20. fxe3 O-O 21. Nc5
Bxc5 22. Rxc5 Rb7 23. Qa6 Rfb8 24. b4 g5 25. Qa5 Rc8 26. Nd2 Bd3 27. Kf2 c6 28.
a4 Rcc7 29. b5 Rb6 30. bxc6 Rcxc6 31. Rxc6 Rxc6 32. Rxc6 Qxc6 33. Qxa7 Qc2 34.
Qa5 h5 35. Qb4 h4 36. a5 Qd1 37. Qc3 Qe2+ 38. Kg1 Qxe3+ 39. Kh2 g4 40. hxg4 Qg3+
41. Kh1 h3 42. gxh3 Qxh3+ 43. Kg1 Qxg4+ 44. Kh1 Qe2 45. Kg1 Kg7 46. a6 Bxa6 47.
Qg3+ Kf8 48. Qa3+ Ke8 49. Qa4+ Kf8 50. Qa3+ Ke8 1/2-1/2

[Event "Challenge"]
[Site "http://www.queenalice.com/game.php?id=875390"]
[Date "2010.12.22"]
[Round "-"]
[White "equus"]
[Black "cme"]
[Result "1-0"]
[WhiteElo "1752"]
[BlackElo "1999"]

1. d4 d5 2. c4 c6 3. Nf3 Nf6 4. Nc3 Bg4 5. h3 Bh5 6. Qb3 Qd7 7. Ne5 Qc7 8. Bf4
dxc4 9. Qxc4 e6 10. Ng6 Qb6 11. Nxh8 Bb4 12. Bd2 Kf8 13. g4 Bxg4 14. hxg4 Kg8
15. Nxf7 Kxf7 16. g5 Nfd7 17. Rxh7 Kg6 18. Qd3+ Kf7 19. g6+ Kg8 20. Qh3 Kf8 21.
Qxe6 1-0

[Event "Challenge"]
[Site "http://www.queenalice.com/game.php?id=878600"]
[Date "2010.12.29"]
[Round "-"]
[White "filomenos"]
[Black "cme"]
[Result "0-1"]
[WhiteElo "1942"]
[BlackElo "1975"]

1. d4 d5 2. g3 Bf5 3. Bg2 e6 4. Nf3 Nc6 5. c3 Bd6 6. O-O Nf6 7. Bg5 h6 8. Bxf6
Qxf6 9. Nbd2 O-O-O 10. Re1 g5 11. e4 dxe4 12. Nxe4 Bxe4 13. Rxe4 h5 14. Nd2 h4
15. Nc4 Be7 16. Qf3 Qh6 17. g4 h3 18. Bf1 Nb8 19. Qxf7 Rh7 20. Qxe6+ Qxe6 21.
Rxe6 Rf8 22. Ne3 Rhf7 23. Nf5 Bd6 24. f3 Bf4 25. Bxh3 Rh7 26. Rh6 Rxh6 27. Nxh6
Rh8 28. Kg2 Rxh6 29. Re1 Kd7 30. c4 Nc6 31. d5 Ne5 32. b3 Nxf3 33. Re6 Rh7 34.
Re2 Nxh2 0-1

[Event "Challenge"]
[Site "http://www.queenalice.com/game.php?id=878605"]
[Date "2010.12.29"]
[Round "-"]
[White "cme"]
[Black "filomenos"]
[Result "1-0"]
[WhiteElo "1966"]
[BlackElo "1958"]

1. e4 d5 2. exd5 Qxd5 3. Nc3 Qe6+ 4. Be2 g6 5. Nf3 c6 6. O-O Bg7 7. Re1 Qd7 8.
d3 Nf6 9. Be3 Qd8 10. Qd2 Bf5 11. h3 O-O 12. Bh6 Re8 13. Bxg7 Kxg7 14. Nh4 Be6
15. Bf3 Nbd7 16. Ne4 Nxe4 17. Bxe4 Kg8 18. Nf3 Nc5 19. Rad1 Qc7 20. Qh6 f6 21.
Bxg6 hxg6 22. Qxg6+ Kf8 23. d4 Bxh3 24. gxh3 Qf4 25. Qh5 Ne4 26. Qh8+ Kf7 27.
Qh7+ Kf8 28. Qxe4 Qh6 29. Kh2 Kf7 30. Qe6+ Kf8 31. Rg1 Qh8 32. Nh4 1-0

[Event "AUTO-OPEN-2223"]
[Site "http://www.queenalice.com/game.php?id=883075"]
[Date "2011.1.8"]
[Round "1"]
[White "justeldiablo"]
[Black "cme"]
[Result "1-0"]
[WhiteElo "1909"]
[BlackElo "1990"]

1. d4 d5 2. Nc3 Bf5 3. e3 e6 4. a3 Bd6 5. Bd3 Ne7 6. Bxf5 Nxf5 7. Nf3 Nd7 8. e4
Nh6 9. Bxh6 gxh6 10. e5 Be7 11. Qd2 Bg5 12. Nxg5 Qxg5 13. f4 Qg4 14. Nb5 Kd8 15.
Qc3 Qxg2 16. Qxc7+ Ke8 17. O-O-O Qg4 18. Nd6+ Ke7 19. Rhf1 Qg2 20. f5 Rhd8 21.
fxe6 Qg5+ 22. Kb1 Kxe6 23. Rxf7 Nb6 24. Rdf1 1-0

[Event "AUTO-OPEN-2223"]
[Site "http://www.queenalice.com/game.php?id=883076"]
[Date "2011.1.8"]
[Round "1"]
[White "cme"]
[Black "justeldiablo"]
[Result "1-0"]
[WhiteElo "1987"]
[BlackElo "1909"]

1. e4 c5 2. Nf3 d5 3. exd5 Qxd5 4. Nc3 Qd6 5. Bc4 Nf6 6. d3 Be6 7. Bb5+ Nc6 8.
Qe2 a6 9. Ba4 b5 10. Bb3 Bxb3 11. axb3 Qb8 12. O-O b4 13. Na4 e6 14. Be3 Nd7 15.
d4 Qa7 16. d5 exd5 17. Bxc5+ Be7 18. Bxa7 Rxa7 19. Rfd1 O-O 20. Rxd5 Nf6 21. Rd2
Re8 22. Qc4 Nb8 23. Ng5 Bf8 24. Rad1 h6 25. Nf3 Ree7 26. Rd8 Nbd7 27. Re1 Rxe1+
28. Nxe1 Kh7 29. Qxf7 Bd6 30. Qe6 Bc7 31. Rc8 Ne5 32. Qf5+ Ng6 33. Nf3 Ng8 34.
Qc5 Bb6 35. Qxb6 Rd7 36. Rd8 Re7 37. h3 Nf6 38. Qxa6 Nh5 39. Nb6 Ngf4 40. Nd5
Ne2+ 41. Kf1 Re4 42. Qd3 1-0

[Event "AUTO-OPEN-2223"]
[Site "http://www.queenalice.com/game.php?id=883099"]
[Date "2011.1.8"]
[Round "1"]
[White "fabianno"]
[Black "cme"]
[Result "1-0"]
[WhiteElo "2119"]
[BlackElo "2000"]

1. Nf3 d5 2. d4 Nf6 3. c4 c6 4. Nc3 Bf5 5. Bg5 Ne4 6. Nxe4 Bxe4 7. c5 g6 8. e3
Bg7 9. Be2 Qd7 10. O-O O-O 11. b4 Na6 12. Bxa6 bxa6 13. Qe2 Qb7 14. a3 h6 15.
Bh4 g5 16. Bg3 Qb5 17. Qxb5 axb5 18. Ne5 Rac8 19. a4 a6 20. Nd7 h5 21. Nxf8 Kxf8
22. h3 h4 23. Bh2 f5 24. axb5 axb5 25. Ra7 g4 26. hxg4 fxg4 27. Rfa1 Kf7 28. Rc7
Rxc7 29. Bxc7 Ke6 30. Bf4 h3 31. gxh3 gxh3 32. Kh2 Bg2 33. Ra7 Kf5 34. Rxe7 Bf6
35. Rc7 Kg4 36. Bg3 Bh4 37. Rg7+ Kh5 38. Rh7+ 1-0

[Event "AUTO-OPEN-2223"]
[Site "http://www.queenalice.com/game.php?id=883100"]
[Date "2011.1.8"]
[Round "1"]
[White "cme"]
[Black "fabianno"]
[Result "0-1"]
[WhiteElo "1984"]
[BlackElo "2129"]

1. e4 c5 2. Nf3 d6 3. Bc4 Nc6 4. c3 g6 5. d4 cxd4 6. cxd4 Bg7 7. Be3 Nf6 8. Nc3
O-O 9. Qd2 Ng4 10. h3 Nxe3 11. Qxe3 Qb6 12. O-O-O Bd7 13. Nd5 Qa5 14. Qb3 Rac8
15. Qxb7 e6 16. Qxd7 exd5 17. exd5 Nxd4 18. b3 Qc3+ 19. Kb1 Qc2+ 20. Ka1 Nxb3#
0-1

[Event "AUTO-OPEN-2223"]
[Site "http://www.queenalice.com/game.php?id=883113"]
[Date "2011.1.8"]
[Round "1"]
[White "leduar"]
[Black "cme"]
[Result "0-1"]
[WhiteElo "1901"]
[BlackElo "1971"]

1. e4 e5 2. Nf3 Nc6 3. Bb5 a6 4. Ba4 Nf6 5. O-O Bc5 6. Nc3 O-O 7. d3 h6 8. Re1
Ng4 9. Be3 Nxe3 10. fxe3 d6 11. d4 exd4 12. exd4 Bb4 13. Qd3 Bg4 14. a3 Ba5 15.
b4 Bb6 16. Bxc6 bxc6 17. a4 a5 18. Rab1 Bxf3 19. gxf3 Qf6 20. Rbd1 axb4 21. e5
dxe5 22. Ne4 Bxd4+ 23. Qxd4 Qg6+ 0-1

[Event "AUTO-OPEN-2223"]
[Site "http://www.queenalice.com/game.php?id=883114"]
[Date "2011.1.8"]
[Round "1"]
[White "cme"]
[Black "leduar"]
[Result "1-0"]
[WhiteElo "1974"]
[BlackElo "1888"]

1. e4 e5 2. Nf3 Nf6 3. Nxe5 d6 4. Nf3 Nxe4 5. Qe2 Qe7 6. d3 Nf6 7. Bg5 Qxe2+ 8.
Bxe2 Be7 9. Nc3 h6 10. Bh4 g5 11. Bg3 O-O 12. h4 g4 13. Nh2 h5 14. f3 Nc6 15.
O-O-O Nd4 16. fxg4 Nxe2+ 17. Nxe2 Nxg4 18. Rde1 Be6 19. Nf4 Rae8 20. Nxh5 Nxh2
21. Rxh2 Bg4 22. Nf4 f5 23. Ne6 Rf7 24. Nxc7 Rc8 25. Nd5 Bf8 26. h5 Bh6+ 27. Kb1
f4 28. Bf2 b6 29. Ne7+ Rxe7 30. Rxe7 Bd1 31. c3 f3 32. gxf3 Be2 33. Rxe2 1-0

[Event "Challenge"]
[Site "http://www.queenalice.com/game.php?id=891727"]
[Date "2011.1.27"]
[Round "-"]
[White "cme"]
[Black "dab"]
[Result "1/2-1/2"]
[WhiteElo "1989"]
[BlackElo "1358"]

1. e4 c5 2. Nf3 d6 3. d4 cxd4 4. Nxd4 Nf6 5. Nc3 a6 6. Bd3 e5 7. Nf3 Be6 8. Be3
Nc6 9. Qd2 d5 10. exd5 Nxd5 11. Be4 Nxe3 12. Qxe3 Nb4 13. a3 Qa5 14. O-O Nc6 15.
Bxc6+ bxc6 16. Nxe5 Rc8 17. Ne2 Bd6 18. Nf3 O-O 19. Ng5 Rfe8 20. Nxe6 Rxe6 21.
Qh3 Bxh2+ 22. Qxh2 Rxe2 23. Qh3 Rd8 24. Rad1 Rxc2 25. Qb3 Rcd2 26. Rc1 Qb5 27.
Qc3 Qxb2 28. Qxc6 Qxa3 29. Ra1 Qd6 30. Qxa6 Qxa6 31. Rxa6 g6 32. Kh2 Rd1 33.
Rxd1 Rxd1 34. Kg3 Rd4 35. f4 Kg7 36. Kg4 Rd8 37. g3 h6 38. Kh4 Kh7 39. g4 Rg8
40. Ra7 Rg7 41. f5 g5+ 42. Kh5 f6 43. Rxg7+ Kxg7 1/2-1/2

[Event "AUTO-OPEN-2254"]
[Site "http://www.queenalice.com/game.php?id=896148"]
[Date "2011.2.5"]
[Round "1"]
[White "nemeth"]
[Black "cme"]
[Result "0-1"]
[WhiteElo "2073"]
[BlackElo "2011"]

1. e4 e5 2. Nc3 Nf6 3. f4 d6 4. Nf3 Nc6 5. Bc4 Bg4 6. d3 Nd4 7. Be3 Nxf3+ 8.
gxf3 Bh5 9. Qe2 c6 10. O-O-O b5 11. Bb3 a5 12. a3 b4 13. axb4 axb4 14. Na4 Nd7
15. Kd2 Qf6 16. f5 g6 17. Rhg1 h6 18. fxg6 fxg6 19. Rdf1 Be7 20. Qg2 d5 21. exd5
cxd5 22. f4 Ra5 23. fxe5 Qxe5 24. Bf4 Qg7 25. Be3 d4 26. Bf4 Rf8 27. Bc7 Ra6 28.
Rxf8+ Qxf8 29. Rf1 Qg7 30. Bf7+ Qxf7 31. Rxf7 Kxf7 32. Qd5+ Ke8 33. Qg8+ Nf8 34.
b3 Bg5+ 35. Ke1 Re6+ 36. Kf1 Be2+ 37. Kf2 Bd1 38. Nc5 Bh4+ 39. Kg2 Re3 40. Qd5
Bf3+ 41. Qxf3 Rxf3 42. Kxf3 Ke7 43. Ne4 Ne6 44. Bd6+ Kd7 45. Bxb4 Kc6 46. Bd2 g5
47. Ng3 Kd5 48. Nf5 Ke5 49. Nxh6 Nc5 0-1

[Event "AUTO-OPEN-2254"]
[Site "http://www.queenalice.com/game.php?id=896149"]
[Date "2011.2.5"]
[Round "1"]
[White "cme"]
[Black "nemeth"]
[Result "1-0"]
[WhiteElo "1991"]
[BlackElo "2093"]

1. e4 c5 2. Nf3 e6 3. d3 Nc6 4. Be2 d5 5. exd5 exd5 6. O-O Nf6 7. Re1 Be7 8. Bf4
Be6 9. Nc3 O-O 10. Nb5 Rc8 11. Ne5 Nxe5 12. Bxe5 a6 13. Nc3 b5 14. a4 b4 15. Nb1
a5 16. c3 Qd7 17. cxb4 axb4 18. Nd2 Ra8 19. b3 Qd8 20. Qc2 Nd7 21. Bg3 Bf6 22.
Ra2 Qa5 23. Bf3 Rfc8 24. h3 Nb8 25. Be5 Bxe5 26. Rxe5 Nc6 27. Rh5 Nd4 28. Qd1
Rd8 29. Bg4 f5 30. Bf3 Bf7 31. Rg5 h6 32. Rg3 f4 33. Rg4 g5 34. h4 Be6 35. hxg5
Bxg4 36. Bxg4 hxg5 37. Bh3 Qb6 38. Qg4 Qg6 39. Rb2 Re8 40. Nf3 Nxf3+ 41. Qxf3
Qd6 42. Qg4 Qg6 43. Rc2 Ra5 44. Qd7 Qf7 45. Qg4 Re5 46. Qc8+ Kg7 47. Rxc5 Rxc5
48. Qxc5 Qe7 49. Qd4 Kf8 50. Qb6 1-0

[Event "AUTO-OPEN-2254"]
[Site "http://www.queenalice.com/game.php?id=896172"]
[Date "2011.2.5"]
[Round "1"]
[White "filatelista"]
[Black "cme"]
[Result "1-0"]
[WhiteElo "2173"]
[BlackElo "2029"]

1. d4 d5 2. Bf4 Nc6 3. e3 Bf5 4. a3 Nf6 5. c4 e6 6. Nf3 Bg4 7. Nbd2 Bd6 8. Bg5
h6 9. Bxf6 Qxf6 10. cxd5 exd5 11. Be2 a6 12. h3 Bh5 13. O-O O-O-O 14. Rc1 g5 15.
b4 g4 16. hxg4 Bxg4 17. b5 Bxf3 18. Nxf3 axb5 19. Bxb5 h5 20. Qa4 h4 21. Bxc6
bxc6 22. Ne5 Bxe5 23. dxe5 Qxe5 24. Qa8+ Kd7 25. Qxc6+ Ke7 26. Qxc7+ Qxc7 27.
Rxc7+ Ke6 28. Rb1 Rh7 29. Kh2 Rg7 30. Rb6+ Ke5 31. Kh3 Rdg8 32. Re7+ Kf5 33. a4
Rxg2 34. Rxf7+ Ke5 35. Re7+ Kf5 36. Rb4 Rg1 37. Rf4+ Kg5 38. Rd7 Rh1+ 39. Kg2
Rd1 40. Kf3 h3 41. Rh7 Rh1 42. Rg4+ 1-0

[Event "AUTO-OPEN-2254"]
[Site "http://www.queenalice.com/game.php?id=896173"]
[Date "2011.2.5"]
[Round "1"]
[White "cme"]
[Black "filatelista"]
[Result "0-1"]
[WhiteElo "2029"]
[BlackElo "2181"]

1. e4 e5 2. Nf3 Nc6 3. Bc4 h6 4. O-O Nf6 5. d3 Bc5 6. c3 O-O 7. Nh4 Nxe4 8. Nf5
Nf6 9. Qf3 d5 10. Bb3 e4 11. Nxh6+ gxh6 12. Qf4 Re8 13. Qxh6 Ng4 14. Qh5 Re5 15.
Qh3 e3 16. d4 e2 17. Re1 Nxd4 18. cxd4 Bxd4 19. Be3 Nxe3 20. Qg3+ Ng4 21. Kh1
Kf8 22. Qf3 Qh4 23. h3 Nxf2+ 24. Kh2 Ng4+ 25. Kh1 Qxe1+ 0-1

[Event "rbivanov"]
[Site "http://www.queenalice.com/game.php?id=922764"]
[Date "2011.4.7"]
[Round "1"]
[White "vininb"]
[Black "cme"]
[Result "0-1"]
[WhiteElo "1833"]
[BlackElo "2021"]

1. e4 e5 2. Nf3 Nc6 3. Bb5 a6 4. Ba4 Nf6 5. O-O b5 6. Bb3 d6 7. c3 Be7 8. Re1
O-O 9. d4 Bg4 10. h3 Bh5 11. Be3 exd4 12. cxd4 Nxe4 13. Bd5 Nf6 14. Bxc6 Rb8 15.
Nc3 d5 16. Bg5 h6 17. Bxf6 Bxf6 18. Bxd5 Rb6 0-1

[Event "rbivanov"]
[Site "http://www.queenalice.com/game.php?id=950414"]
[Date "2011.6.16"]
[Round "2"]
[White "cme"]
[Black "paco78"]
[Result "1-0"]
[WhiteElo "2019"]
[BlackElo "1847"]

1. e4 e5 2. Nf3 Nf6 3. Nxe5 d6 4. Nf3 Nxe4 5. Qe2 Qe7 6. d3 Nf6 7. Bg5 Nbd7 8.
Nc3 h6 9. Bxf6 Nxf6 10. O-O-O Be6 11. g3 O-O-O 12. Bg2 a6 13. Rhe1 g5 14. Nd4
Bg7 15. Nxe6 fxe6 16. Qxe6+ Qxe6 17. Rxe6 Ng4 18. f3 Nxh2 19. Rh1 Be5 20. Rxh2
Bxg3 21. Rhxh6 Rxh6 22. Rxh6 g4 23. Rg6 Bf4+ 24. Kd1 gxf3 25. Bxf3 c6 26. Ne4 d5
27. Nc5 Re8 28. Rg7 Bc7 29. Bg4+ Kb8 30. Kd2 Bf4+ 31. Kd1 Bc7 32. Be6 a5 33. Rg8
Rxg8 34. Bxg8 b6 35. Na6+ Kb7 36. Nxc7 Kxc7 37. Kd2 d4 38. Ke2 Kd6 39. Kf3 Ke5
40. Bf7 c5 41. a4 Kd6 42. Ke4 Kc7 43. Kd5 Kd7 44. b3 Kc7 45. Be8 Kb7 46. Kd6 Kb8
47. Bb5 Kb7 48. Kd7 Kb8 49. Kc6 Ka7 50. Bc4 Kb8 51. Kxb6 1-0

[Event "rbivanov"]
[Site "http://www.queenalice.com/game.php?id=976379"]
[Date "2011.8.24"]
[Round "3"]
[White "cme"]
[Black "FLAMENGO_B"]
[Result "0-1"]
[WhiteElo "2028"]
[BlackElo "2309"]

1. e4 e6 2. d4 d5 3. e5 Ne7 4. Nf3 Nd7 5. Be3 Nf5 6. Qd2 Nxe3 7. Qxe3 c5 8. c3
Qb6 9. Qd2 f6 10. Be2 cxd4 11. cxd4 fxe5 12. dxe5 Qc7 13. Qc3 Bc5 14. O-O O-O
15. Nbd2 Bb6 16. Rac1 Qxc3 17. bxc3 Bc7 18. Rfe1 Nxe5 19. Nxe5 Bxe5 20. Bg4 Bf4
21. Rc2 e5 22. Bd1 Bf5 23. Rb2 Rac8 24. Bb3 Be6 25. Nf3 Rxc3 26. Nxe5 Bxe5 27.
h3 Bd6 28. g4 Bf7 29. Rd1 Rd8 30. Kg2 Bc5 31. Rbd2 d4 32. Bc2 Bd5+ 33. Kh2 Bd6+
34. Kg1 Rxh3 35. Kf1 Bf3 0-1

[Event "rbivanov"]
[Site "http://www.queenalice.com/game.php?id=988373"]
[Date "2011.9.22"]
[Round "4"]
[White "Jobson"]
[Black "cme"]
[Result "0-1"]
[WhiteElo "1758"]
[BlackElo "2023"]

1. e4 e5 2. Nf3 Nc6 3. b3 Bc5 4. Bc4 d6 5. h3 Nf6 6. O-O Be6 7. Bxe6 fxe6 8. d3
Qe7 9. Bb2 O-O-O 10. Nc3 g5 11. Nxg5 Rhg8 12. Nf3 Qg7 13. Nh4 Qg5 14. g3 Qxg3+
15. Kh1 Qxh3# 0-1